000 00284nam a22001337a 4500
008 170313b xxu||||| |||| 00| 0 eng d
020 _a070617767
041 _aeng
080 _25TH
_a591
100 _a7
101 _aSHM
245 _aGENERAL ZOOLOGY
_cSTORER, T.I
942 _2udc
_cBK
999 _c7718
_d7718